Представление документа в формате RUSMARC

Поле Инд. ПП Название Значение
Тип записи a
Библиографический уровень a
001 Контрольный номер 7ba4c2b9a7e14325b5528f0ec80363c2
005 Дата корректировки 20190610143646.6
100 a Данные общей обработки 20190610 ||| 0rusy0189 ca
101 0_ a Язык текста rus
102 a Страна публикации RU
200 1_ f Первые сведения об ответственности М.В. Егиазарова
a Заглавие Правовые режимы труда иностранных граждан в государствах - членах ЕАЭС: сравнительный анализ
b Общее обозначение материала Текст
210 1_ d Дата издания 2019
461 _0 1 2000
a Право и экономика
463 _0 1 2000
a № 3
v С. 61-65
1 2101
d 2019
1 0014988c20999a848fc99411eb99c5fa12f
606 a Основная рубрика Трудовое право
610 0_ a Ключевые слова ИНОСТРАННЫЕ ГРАЖДАНЕ
a Ключевые слова СРАВНИТЕЛЬНОЕ ПРАВОВЕДЕНИЕ
a Ключевые слова СТАТУС ПРАВОВОЙ
a Ключевые слова ЕВРАЗИЙСКОЕ ЭКОНОМИЧЕСКОЕ СООБЩЕСТВО
700 _1 a Фамилия Егиазарова
b Имя М.В.
801 _0 a Страна RU
b Организация РГУП
c Дата составления 20190610
g Правила каталогизации PSBO
801 _1 a Страна RU
b Организация РГУП
c Дата составления 20190610
g Правила каталогизации PSBO
901 t Тип документа b
w Контрольный № источника 4988c20999a848fc99411eb99c5fa12f
905 a Дата ввода 20190610